000
00299nam a22001337a 4500
008
190222b xxu||||| |||| 00| 0 eng d
020
_a
9780321395436
041
_a
eng
080
_a
371
100
_a
25
101
_a
EDU
245
_a
Effective College Learning
_c
Holschuh, J.P
942
_2
udc
_c
BK
999
_c
54126
_d
54126